Public education in America: a new interpretation of purpose and practice (Record no. 359601)

000 -LEADER
fixed length control field 00456cam a22001337a 4500
008 - FIXED-LENGTH DATA ELEMENTS--GENERAL INFORMATION
fixed length control field 180718b1956 xxu||||| |||| 00| 0 eng d
082 ## - DEWEY DECIMAL CLASSIFICATION NUMBER
Classification number P4x73 B451
245 ## - TITLE STATEMENT
Title Public education in America: a new interpretation of purpose and practice
Statement of responsibility, etc. edited by George Z.F. Bereday and Luigi Volpicelli
260 ## - PUBLICATION, DISTRIBUTION, ETC.
Place of publication, distribution, etc. New York
Name of publisher, distributor, etc. Harper
Date of publication, distribution, etc. 1956
300 ## - PHYSICAL DESCRIPTION
Extent xi, 212p.
650 ## - SUBJECT ADDED ENTRY--TOPICAL TERM
Topical term or geographic name entry element Education --United States
700 ## - ADDED ENTRY--PERSONAL NAME
Personal name Volpicelli, Luigi
700 ## - ADDED ENTRY--PERSONAL NAME
Personal name Bereday, George Z.F.
Holdings
Withdrawn status Lost status Damaged status Not for loan Permanent Location Current Location Date acquired Full call number Barcode Date last seen Price effective from Koha item type
        Indian Institute of Public Administration Indian Institute of Public Administration 1994-02-10 P4x73 B451 19763 2018-07-21 2018-07-21 Book
        Indian Institute of Public Administration Indian Institute of Public Administration 1994-02-10 P4x73 B451 1201 2018-07-21 2018-07-21 Book

Powered by Koha